000 01022nam a2200241 i 4500
001 159003
003 ES-MaACL
005 20251218183216.0
008 960401s1897 sp |||| | spa d
100 1 _aMartinez Palacio, Santiago.
_9152862
245 1 0 _aRecuerdos de la Alcarria :
_bel Castillo de Anguix /
_cpor Santiago Martínez Palacio ; fotograbados de Laporta y de Prieto ; fotografías de Borke y del autor.
260 _aMadrid :
_b[s.n.],
_c1897 (
_fImp. de Gabriel Pedraza)
300 _a346 p. :
_bil., fotos ;
_c19 cm.
530 _aDisponible en formato digital.
610 2 4 _aCastillo de Anguix (Sayatón)
_9172696
651 4 _aSayatón-
_xEdificios, estructuras, etc.
_9172697
700 1 _aLaporta, Francisco,
_d1850-1914
_9152865
700 1 _aPrieto Losada, Francisco,
_dca. 1853-
_9172698
710 2 _aBorke y Ferriz.
_9172699
852 _aES-MaACL
_jG-275
856 _uhttp://bdh-rd.bne.es/viewer.vm?id=0000038087&page=1
_zBiblioteca Digital Hispánica
999 _c159003
_d159003